Képzések és továbbképzések a Housekeeping területén a Novotel Budapest Danube szállodában

Bibliográfiai részletek
Szerző: Nemecskó Adrienn
További közreműködők: Bártfai Endre György
Dokumentumtípus: Projektmunka
Kulcsszavak:Accor Hotels
housekeeping
képzések
munkafolyamatok
ösztönzés
Online Access:http://dolgozattar.uni-bge.hu/59666

MARC

LEADER 00000nnm a2200000 i 4500
001 dolg59666
005 20260409145407.0
008 260409suuuu hu o 000 hun d
040 |a BGE Dolgozattár Repozitórium  |b hun 
041 |a hu 
100 1 |a Nemecskó Adrienn 
245 1 0 |a Képzések és továbbképzések a Housekeeping területén a Novotel Budapest Danube szállodában  |c Nemecskó Adrienn  |h [elektronikus dokumentum] 
516 |a Project_work 
520 3 |a Projektmunkámban azt vizsgáltam, hogy a Novotel Budapest Danube szállodában milyen képzéseket és továbbképzéseket kapnak a Housekeeping részlegen dolgozók. Emellett a különféle motivációs megoldásokat is bemutattam, amelyeket a szálloda nyújt munkavállalói felé. A téma célja, hogy részletesen bemutassam a különböző pozíciókhoz tartozó munkafolyamatokat, melyek elengedhetetlenek a négy csillagos szállodák működéséhez. A vendégeket egy tiszta, higiénikus, rendezett és barátságos környezetben kell fogadni, melyhez a housekeeping precíz munkája szükséges. Volt szerencsém egy olyan housekeeping supervisor-ral beszélgetni, aki először szobalány volt, majd később lépett elő a jelenlegi gondnoknői pozícióba. A projektmunkám végére összefüggést találtam a képzések és ösztönzési lehetőségek között, hiszen mindkettő egy elköteleződés a szálloda felől a munkavállaló iránt. 
695 |a Accor Hotels 
695 |a housekeeping 
695 |a képzések 
695 |a munkafolyamatok 
695 |a ösztönzés 
700 1 |a Bártfai Endre György  |e ths 
856 4 0 |u http://dolgozattar.uni-bge.hu/59666/1/v%C3%A9glegesBGE%20KVIK%20TURIZMUS%20FOSZK%20Projektmunka-Nemecsk%C3%B3%20Adrienn.pdf  |z Dokumentum-elérés 
856 4 0 |u http://dolgozattar.uni-bge.hu/59666/2/Nemecsk%C3%B3%20Adrienn_Projektmunka_B%C3%ADr%C3%A1lati%20lap_FOSZK_B%C3%A1rtfai%20Endre.pdf  |z Dokumentum-elérés